000
00270nam a2200109Ia 4500
008
231219s9999 xx 000 0 und d
041
_a
eng
100
_a
Hutt and Speh
245
_a
Industrial Marketing Management
260
_b
The Dryden Press.
650
_a
Management
999
_c
976269
_d
976269